[Event "Goch op 20th"]
[Site "Goch"]
[Date "2009.10.04"]
[Round "7"]
[White "Imsrud, Daniel"]
[Black "Hettema, Jan"]
[Result "0-1"]
[WhiteElo "524"]
[BlackElo "1544"]
[PlyCount "62"]
[EventDate "2009.10.01"]
[EventType "swiss"]
[EventRounds "7"]
[EventCountry "GER"]
[SourceTitle "EXT 2011"]
[Source "ChessBase"]
[SourceDate "2010.11.26"]
[SourceVersion "1"]
[SourceVersionDate "2010.11.26"]
[SourceQuality "1"]

1. d4 Nf6 2. Nc3 e6 3. e4 d6 4. e5 dxe5 5. dxe5 Nd5 6. Bc4 c6 7. Bxd5 cxd5 8. Nf3 Be7 9. a3 0-0 10. 0-0 Nc6 11. Be3 a6 12. Bg5 Bxg5 13. Nxg5 Qxg5 14. Ne2 Nxe5 15. Ng3 Nc4 16. Qd4 b5 17. b3 Nd6 18. f4 Qh4 19. f5 Qxd4+ 20. Rf2 Qxa1+ 21. Nf1 Nxf5 22. g4 Ne3 23. Rf3 Nxg4 24. h3 Qd4+ 25. Kh1 Nf2+ 26. Kg2 Ne4 27. h4 e5 28. Ne3 Qd2+ 29. Kf1 Bh3+ 30. Ng2 Qxg2+ 31. Ke1 Qd2# 0-1

[Event "Goch op 20th"]
[Site "Goch"]
[Date "2009.10.03"]
[Round "5"]
[White "Kraft, Natascha"]
[Black "Imsrud, Daniel"]
[Result "1-0"]
[WhiteElo "1067"]
[BlackElo "524"]
[PlyCount "75"]
[EventDate "2009.10.01"]
[EventType "swiss"]
[EventRounds "7"]
[EventCountry "GER"]
[SourceTitle "EXT 2011"]
[Source "ChessBase"]
[SourceDate "2010.11.26"]
[SourceVersion "1"]
[SourceVersionDate "2010.11.26"]
[SourceQuality "1"]

1. d4 e6 2. Nc3 d5 3. Bf4 Nf6 4. e3 Bd6 5. Nge2 Nc6 6. a3 0-0 7. g3 e5 8. Bg5 Bg4 9. Qd2 h6 10. Bxf6 Qxf6 11. Nxd5 Qd8 12. Ndc3 Bxe2 13. Bxe2 a6 14. d5 Ne7 15. e4 c6 16. Bf3 Qa5 17. 0-0 c5 18. Qe3 f5 19. Qe2 f4 20. Bg4 fxg3 21. fxg3 Rxf1+ 22. Rxf1 b5 23. Be6+ Kh7 24. Rf7 b4 25. Qg4 Rg8 26. Bf5+ Nxf5 27. Qxf5+ Kh8 28. Nb1 Qd8 29. Rd7 Qf8 30. Rf7 Qe8 31. Qe6 Qxe6 32. dxe6 Re8 33. Ra7 bxa3 34. Nxa3 Rxe6 35. Rxa6 g5 36. Nc4 h5 37. Nxd6 h4 38. Nf7+ 1-0